000 00797nam a22002297a 4500
005 20120109161730.0
008 120109t xxu||||| |||| 00| 0 eng d
010 _aENG-104658
020 _a9788174468840
_c650.00
035 _aEN-88191
037 _bDBAD/PUB
040 _aDPL
_bEng
100 _938706
245 _aIT initiatives for building creative organizations /
_cedited by Suyash Jhawar...[et al]
260 _aNew Delhi
_bExcel Books
_c2010
270 _aA-45, Naraina, Phase1
_bNew Delhi
_e110028
300 _axxii,486p.
_c24cm(pbk)
500 _aIncludes bibliographical references and index
700 _aJhawar, Suyash
_938716
942 _2ddc
_cEN
_mITI
999 _c60555
_d60555